Largest Cities that start with a vowel - Statistics

General Stats
  • This quiz has been taken 39 times
  • The average score is 29 of 50
Answer Stats
Population Country City % Correct
5,850,000 Egypt Alexandria
100%
3,825,000 Algeria Algiers
100%
4,850,000 Turkey Ankara
97%
14,800,000 Turkey İstanbul
97%
17,700,000 Japan Ōsaka
97%
2,425,000 Netherlands Amsterdam
95%
3,375,000 Greece Athens
95%
1,550,000 New Zealand Auckland
92%
5,300,000 Jordan Amman
89%
3,200,000 Nigeria Abuja
86%
3,650,000 Ethiopia Addis Ababa
86%
1,320,000 Australia Adelaide
86%
5,700,000 United States Atlanta
86%
2,275,000 Paraguay Asunción
84%
1,170,000 Norway Oslo
84%
5,100,000 Ghana Accra
81%
1,360,000 UAE Abu Dhabi
78%
1,860,000 United States Austin
78%
1,220,000 Canada Ottawa
78%
1,330,000 Canada Edmonton
73%
1,360,000 Mongolia Ulaanbaatar
73%
3,275,000 United States Orlando
68%
5,350,000 Cote d'Ivoire Abidjan
65%
2,175,000 India Āgra
65%
2,375,000 Madagascar Antananarivo
65%
1,300,000 Turkmenistan Ashgabat
62%
8,000,000 India Ahmadābād
59%
1,970,000 Kazakhstan Almaty
59%
1,950,000 United States Indianapolis
59%
3,000,000 Turkey İzmir
59%
2,425,000 Burkina Faso Ouagadougou
59%
1,420,000 Algeria Oran
57%
1,130,000 United States Oklahoma City
46%
1,240,000 Turkey Antalya
43%
3,350,000 Nigeria Ibadan
38%
3,975,000 China Ürümqi
35%
3,100,000 Iran Iṣfahān
27%
1,350,000 India Amritsar
22%
1,720,000 Turkey Adana
19%
3,025,000 India Indore
19%
2,200,000 Japan Okayama
19%
1,420,000 India Allahābād
16%
2,525,000 China Anshan
16%
1,150,000 Morocco Agadir
14%
1,410,000 Philippines Angeles
14%
1,320,000 Iran Ahvāz
8%
1,700,000 India Aurangābād
8%
1,140,000 Nigeria Onitsha
8%
1,170,000 India Alīgarh
5%
1,560,000 India Āsansol
3%
No matching quizzes found
Score Distribution
Percent of People with Each Score
Percentile by Number Answered
Your Score History
You have not taken this quiz